Tichý rozhovor : zborník literárneho klubu LITERA 2 /

Saved in:
Bibliographic Details
Other Authors: Borguľová, Jana 1951- (Compiler), Patráš, Vladimír (Compiler)
Format: Book
Language:Slovak
Published: Banská Bystrica : Štátna vedecká knižnica, 2004
Edition:1. vyd.
Subjects:
ISBN: 8085548356 (brož.)
Physical Description: 68 s. : fotogr. ; 21 cm
Tags: Add Tag
No Tags, Be the first to tag this record!

MARC

LEADER 00000nam a2200000 a 4500
001 000010607
005 20050530122532.0
008 050427s2004 xo a e 000 m sloo
020 |a 8085548356 (brož.) 
040 |a SVKKK  |b slo  |c SVKKK  |e AACR2 
041 0 |a slo 
044 |a xo  |c SK 
072 7 |a 821.162.4-1  |x Slovenská poézia  |2 konspekt 
080 |a 061.237  |2 1997 
080 |a 82  |2 1997 
080 |a 821.162.4-1  |2 1997 
080 |a (0:82-1)  |2 1997 
080 |a (082)  |2 1997 
245 0 0 |a Tichý rozhovor :  |b zborník literárneho klubu LITERA 2 /  |c [zostavovatelia: Jana Borguľová, Vladimír Patráš] 
250 |a 1. vyd. 
260 |a Banská Bystrica :  |b Štátna vedecká knižnica,  |c 2004 
300 |a 68 s. :  |b fotogr. ;  |c 21 cm 
500 |a Údaj o zost. prevzatý z frontu 
650 0 7 |a literárne kluby  |2 SVKKKPH 
655 7 |a slovenská poézia  |2 SVKKKPH 
655 7 |a zborníky  |2 SVKKKPH 
700 1 |a Borguľová, Jana  |d 1951-  |4 com 
700 1 |a Patráš, Vladimír  |4 com 
919 |a 80-85548-35-6 
998 |a BK 
090 |g SCKHL  |k Sklad Pribinova 2. posch.  |a III.199224  |j 968084  |i 2720034396  |s Absenčne